| 000 | 00548cam a2200217ua 4500 | ||
|---|---|---|---|
| 001 | 10369 | ||
| 008 | 180712n ii |||gr||||Z||||||hin | ||
| 020 | _a9780143067320 | ||
| 040 | _cMAIN | ||
| 041 | _ahin | ||
| 082 | _a954.03 | ||
| 100 |
_aFrench, Pedrick, _eAuthor. |
||
| 245 |
_aAjadi ya mout _cBy Pedrick French |
||
| 260 |
_aGurgaon: _bPenguin books, _c2012. |
||
| 300 | _a594p. | ||
| 653 | _aSouth Asia India | ||
| 653 | _aLiberty and death | ||
| 653 | _aPeriod of British rule | ||
| 700 |
_aRathi, Gajendra, _eTranslator. |
||
| 942 | _cBK | ||
| 999 |
_c9359 _d9359 |
||